[Event "Collado Villalba op-B 35th"]
[Site "Collado Villalba"]
[Date "2018.08.31"]
[Round "8"]
[White "Rufo Yebra, Benito"]
[Black "Rapaport, Andres Natalio"]
[Result "0-1"]
[WhiteElo "1425"]
[BlackElo "1277"]
[PlyCount "160"]
[EventDate "2018.08.24"]
[EventType "swiss"]
[EventRounds "9"]
[EventCountry "ESP"]
[SourceTitle "CBM 186 Extra"]
[Source "ChessBase"]
[SourceDate "2018.08.24"]
[SourceVersion "1"]
[SourceVersionDate "2018.08.24"]
[SourceQuality "1"]

1. d4 d5 2. e3 Nf6 3. Bd3 Bg4 4. Nf3 e6 5. Nc3 Bd6 6. Bd2 Nbd7 7. h3 Bh5 8. g4 Bg6 9. Bxg6 hxg6 10. Qe2 Nxg4 11. 0-0-0 Ngf6 12. e4 dxe4 13. Nxe4 Nxe4 14. Qxe4 c6 15. Bg5 Nf6 16. Qe2 Qa5 17. Kb1 Qb6 18. Bxf6 gxf6 19. d5 cxd5 20. Rxd5 0-0 21. Rb5 Qc6 22. h4 a6 23. Rb3 Rac8 24. h5 g5 25. h6 g4 26. Rg1 f5 27. Ne5 Bxe5 28. Qxe5 f6 29. Qe2 Kh7 30. f4 Rfd8 31. Ra3 Rd4 32. Rc3 Qd7 33. Rxc8 Qxc8 34. Qf2 Qd7 35. Rc1 Rd1 36. Qe3 Rxc1+ 37. Kxc1 Qd5 38. b3 Qe4 39. Qd2 Qh1+ 40. Kb2 Qxh6 41. Qd7+ Qg7 42. Qxe6 g3 43. Qxf5+ Qg6 44. Qh3+ Kg7 45. Qg2 f5 46. Qxb7+ Qf7 47. Qg2 Qg6 48. a4 Kh6 49. Qh3+ Kg7 50. Qg2 Kh6 51. c3 Qg4 52. Qc6+ Kh5 53. Qe8+ Qg6 54. Qh8+ Qh6 55. Qe8+ Kg4 56. Qe2+ Kh3 57. Qf3 Qh4 58. Qh1+ Kg4 59. Qd1+ Kh3 60. Qf3 Kh2 61. Ka3 g2 62. Qe2 Qg3 63. Qh5+ Qh3 64. Qe2 Kh1 65. Qxa6 g1Q 66. Qc6+ Kh2 67. a5 Qa1+ 68. Kb4 Qe3 69. a6 Qxf4+ 70. c4 Qd2+ 71. Kc5 Qaa5+ 72. Qb5 Qe3+ 73. Kd5 Qd8+ 74. Kc6 Qc8+ 75. Kd5 Qd3+ 76. Ke5 Qc7+ 77. Kf6 Qcd6+ 78. Kf7 f4 79. a7 Qh7+ 80. Ke8 Qhe7# 0-1

[Event "Madrid-ch Previa-A"]
[Site "Madrid"]
[Date "2018.02.13"]
[Round "5"]
[White "Rufo Yebra, Benito"]
[Black "Santiago Garcia, Jorge"]
[Result "1/2-1/2"]
[WhiteElo "1409"]
[BlackElo "1483"]
[PlyCount "233"]
[EventDate "2018.02.05"]
[EventType "swiss"]
[EventRounds "9"]
[EventCountry "ESP"]
[SourceTitle "EXT 2020"]
[Source "ChessBase"]
[SourceDate "2019.10.17"]
[SourceVersion "1"]
[SourceVersionDate "2019.10.17"]
[SourceQuality "1"]

1. d4 d5 2. e3 g6 3. Nf3 Bg7 4. Bd3 Nf6 5. Nc3 Nc6 6. a3 0-0 7. Bd2 a6 8. h4 Bg4 9. Be2 Re8 10. Nh2 Bxe2 11. Qxe2 e5 12. dxe5 Nxe5 13. 0-0-0 Qe7 14. Nf3 Nc4 15. Nxd5 Qc5 16. Bb4 Qc6 17. Nd4 Qxd5 18. Nb3 Qc6 19. Bc3 Ne4 20. Bxg7 Kxg7 21. h5 b5 22. hxg6 fxg6 23. Qg4 Rad8 24. Rxd8 Rxd8 25. Qh4 Nf6 26. Nd4 Qd5 27. g4 Nd6 28. g5 Nh5 29. Qh3 Nf5 30. Rd1 Kg8 31. Qg4 Re8 32. Nb3 Qc6 33. Na5 Qa8 34. Qb4 Re7 35. Nb3 Nd6 36. Nd4 Ng7 37. Qb3+ Nc4 38. Ne2 Nf5 39. Nf4 c6 40. Qc3 Qe8 41. Qb4 Rd7 42. Nd3 Ne5 43. Qb3+ Nc4 44. Rg1 Nfxe3 45. Re1 Re7 46. fxe3 Rxe3 47. Rd1 Qe6 48. Qb4 Re2 49. Nf4 Qe3+ 50. Kb1 Nd2+ 51. Ka2 c5 52. Qa5 Qxf4 53. Qd8+ Kg7 54. Qd7+ Qf7+ 55. Qxf7+ Kxf7 56. c3 Rh2 57. Re1 Nf3 58. Rf1 Rh3 59. Rd1 Ke6 60. Rd8 Nxg5 61. Ra8 Nf7 62. Rxa6+ Nd6 63. Kb3 g5 64. a4 b4 65. a5 bxc3 66. bxc3 Kd7 67. Ra7+ Kc6 68. Rg7 h6 69. a6 Nb5 70. a7 Nxa7 71. Rxa7 g4 72. Kc4 Kb6 73. Rg7 h5 74. Rg6+ Kc7 75. Kxc5 Rxc3+ 76. Kd4 Rc6 77. Rg5 Rh6 78. Ke4 Kd6 79. Kf4 Ke6 80. Ra5 Rh8 81. Re5+ Kd6 82. Rg5 Rf8+ 83. Kg3 Rf3+ 84. Kg2 Rh3 85. Rf5 Ke6 86. Ra5 Kf6 87. Rb5 Kg6 88. Ra5 Rf3 89. Rc5 Rf5 90. Rc1 Kg5 91. Re1 h4 92. Re3 g3 93. Kh3 Rf4 94. Re5+ Kg6 95. Kg2 Rf5 96. Re4 Kg5 97. Kh3 Rf4 98. Re2 Rf1 99. Re4 Rh1+ 100. Kg2 Rh2+ 101. Kg1 h3 102. Rd4 Rb2 103. Rd1 Kg4 104. Kh1 g2+ 105. Kh2 Rf2 106. Rd4+ Kh5 107. Rd3 g1Q+ 108. Kxg1 h2+ 109. Kh1 Kg4 110. Rh3 Rb2 111. Rxh2 Rb1+ 112. Kg2 Rb2+ 113. Kg1 Rb3 114. Rg2+ Kf3 115. Kh2 Rb8 116. Kg1 Rb1+ 117. Kh2 1/2-1/2

[Event "Collado Villalba op-B 34th"]
[Site "Collado Villalba"]
[Date "2017.08.30"]
[Round "9"]
[White "Rufo Yebra, Benito"]
[Black "Criado Herrero, Luis"]
[Result "1-0"]
[WhiteElo "1363"]
[BlackElo "1526"]
[PlyCount "49"]
[EventDate "2017.08.22"]
[EventType "swiss"]
[EventRounds "9"]
[EventCountry "ESP"]
[SourceTitle "CBM 180 Extra"]
[Source "ChessBase"]
[SourceDate "2017.10.06"]
[SourceVersion "1"]
[SourceVersionDate "2017.10.06"]
[SourceQuality "1"]

1. d4 Nf6 2. Nc3 d5 3. Nf3 c6 4. Bf4 Bg4 5. h3 Bh5 6. g4 Bg6 7. Bg2 h6 8. Nh4 Bh7 9. Bg3 e6 10. a3 Nbd7 11. e3 Be7 12. Qd2 a5 13. Bf3 Ne4 14. Bxe4 dxe4 15. Ng2 0-0 16. h4 Nb6 17. Qe2 Nd5 18. g5 Bg6 19. gxh6 gxh6 20. Nxd5 exd5 21. Nf4 Bh7 22. Nh5 Qd7 23. Rg1 Kh8 24. 0-0-0 Rg8 25. Be5+ 1-0

[Event "Collado Villalba op-B 34th"]
[Site "Collado Villalba"]
[Date "2017.08.28"]
[Round "7"]
[White "Yaniz Lana, Francisco Javier"]
[Black "Rufo Yebra, Benito"]
[Result "1-0"]
[WhiteElo "1572"]
[BlackElo "1363"]
[PlyCount "45"]
[EventDate "2017.08.22"]
[EventType "swiss"]
[EventRounds "9"]
[EventCountry "ESP"]
[SourceTitle "CBM 180 Extra"]
[Source "ChessBase"]
[SourceDate "2017.10.06"]
[SourceVersion "1"]
[SourceVersionDate "2017.10.06"]
[SourceQuality "1"]

1. d4 d5 2. Bf4 e6 3. e3 Bd6 4. Bg3 Nf6 5. Nf3 Bxg3 6. hxg3 h6 7. Bd3 b6 8. Nbd2 Ba6 9. c4 dxc4 10. Nxc4 Qd5 11. Rc1 Ne4 12. Nfe5 Ng5 13. Rh2 Bb7 14. Qg4 Nd7 15. Nxd7 Qxd7 16. Ne5 Qd5 17. Rxc7 Qa5+ 18. Kd1 Qxa2 19. Bb5+ Kf8 20. Qxg5 Qb3+ 21. Kc1 Kg8 22. Qe7 Rf8 23. Nxf7 1-0

[Event "Collado Villalba op-B 34th"]
[Site "Collado Villalba"]
[Date "2017.08.24"]
[Round "3"]
[White "Camarero Izquierdo, Juan Carlos"]
[Black "Rufo Yebra, Benito"]
[Result "1-0"]
[WhiteElo "1844"]
[BlackElo "1363"]
[PlyCount "97"]
[EventDate "2017.08.22"]
[EventType "swiss"]
[EventRounds "9"]
[EventCountry "ESP"]
[SourceTitle "CBM 180 Extra"]
[Source "ChessBase"]
[SourceDate "2017.10.06"]
[SourceVersion "1"]
[SourceVersionDate "2017.10.06"]
[SourceQuality "1"]

1. d4 d5 2. Nc3 e6 3. e4 Bb4 4. e5 b6 5. Qg4 Bf8 6. Bg5 Ne7 7. 0-0-0 Ba6 8. Nge2 Nbc6 9. Ng3 h6 10. Bxe7 Qxe7 11. Bxa6 Qb4 12. Bb5 Kd7 13. f4 a6 14. Bxc6+ Kxc6 15. f5 Qe7 16. fxe6 fxe6 17. Qg6 Qg5+ 18. Qxg5 hxg5 19. Rdf1 Rh4 20. Nce2 Kb5 21. Rf7 c5 22. Rhf1 Rh8 23. h3 g6 24. R1f6 g4 25. Rxe6 gxh3 26. gxh3 Bh6+ 27. Kd1 Be3 28. dxc5 Bxc5 29. Rxg6 Rxh3 30. e6 Re8 31. Nf4 Rh4 32. c3 Kc4 33. Nfe2 Rh2 34. Rf4+ Kb5 35. a4+ Kc6 36. b4 Bd6 37. Nd4+ Kb7 38. Rf7+ Kc8 39. Ngf5 Rh1+ 40. Kc2 Be5 41. Ra7 Bxd4 42. Ra8+ Kc7 43. Rxe8 Rh2+ 44. Kb3 Be5 45. b5 Kb7 46. Re7+ Ka8 47. Rg8+ Bb8 48. Nd4 a5 49. Nc6 1-0

[Event "Madrid-ch Previa-A"]
[Site "Madrid"]
[Date "2017.02.07"]
[Round "2"]
[White "Rufo Yebra, Benito"]
[Black "Rodriguez Bachiller, Luis"]
[Result "1-0"]
[WhiteElo "1343"]
[BlackElo "1656"]
[PlyCount "93"]
[EventDate "2017.02.06"]
[EventType "swiss"]
[EventRounds "9"]
[EventCountry "ESP"]
[SourceTitle "CBM 177 Extra"]
[Source "ChessBase"]
[SourceDate "2017.04.27"]
[SourceVersion "1"]
[SourceVersionDate "2017.04.27"]
[SourceQuality "1"]

1. d4 g6 2. e4 d6 3. Nf3 Bg7 4. Bd2 b6 5. Bd3 Bb7 6. Bc3 e6 7. Nbd2 Ne7 8. Qe2 Nd7 9. h4 Nf6 10. Bb5+ c6 11. Ba6 Qc7 12. e5 dxe5 13. Bxb7 Qxb7 14. dxe5 Nfd5 15. Ne4 Nxc3 16. Nd6+ Kf8 17. Nxb7 Nxe2 18. Kxe2 Nd5 19. Rad1 Ke7 20. g3 Rab8 21. Nd6 b5 22. Rhe1 Rhf8 23. Kf1 h6 24. c4 bxc4 25. Nxc4 Rfc8 26. b3 Rc7 27. Nd4 Kf8 28. Nd6 Kg8 29. Rc1 Ne7 30. f4 a6 31. Kg2 Bf8 32. Ne4 Nd5 33. Nf6+ Nxf6 34. exf6 c5 35. Nf3 Rd8 36. Red1 Rxd1 37. Rxd1 Rc6 38. Rd8 Rd6 39. Rc8 Rd5 40. g4 h5 41. g5 Rf5 42. Kg3 Rd5 43. Ra8 Rd6 44. Ne5 Rd1 45. Rxa6 Bd6 46. Ra8+ Bf8 47. Nc6 1-0

[Event "Madrid-ch Seniors 50"]
[Site "Madrid"]
[Date "2017.01.19"]
[Round "9"]
[White "Rufo Yebra, Benito"]
[Black "Beekhof Harmsen, Willen"]
[Result "0-1"]
[WhiteElo "1352"]
[BlackElo "1555"]
[PlyCount "74"]
[EventDate "2017.01.09"]
[EventType "swiss"]
[EventRounds "9"]
[EventCountry "ESP"]
[SourceTitle "EXT 2018"]
[Source "ChessBase"]
[SourceDate "2017.10.13"]
[SourceVersion "1"]
[SourceVersionDate "2017.10.13"]
[SourceQuality "1"]

1. e4 g6 2. Bc4 Bg7 3. c3 c6 4. d4 b5 5. Bb3 e6 6. Be3 a5 7. Nf3 a4 8. Bc2 Ne7 9. Qd2 f5 10. Bh6 0-0 11. Bxg7 Kxg7 12. exf5 exf5 13. 0-0 d6 14. b4 Be6 15. Qf4 Nd5 16. Qg3 f4 17. Qh4 Qxh4 18. Nxh4 Nd7 19. Nf3 h6 20. Bd3 Bf5 21. Be2 Rae8 22. c4 Nxb4 23. Nc3 Nc2 24. Rad1 b4 25. Nxa4 Rxe2 26. d5 c5 27. Nh4 Ra8 28. Nxf5+ gxf5 29. Nb2 Rxa2 30. Nd3 Ne3 31. Nc1 Rxf2 32. Nxa2 Rxg2+ 33. Kh1 Rxa2 34. Rg1+ Kf6 35. Rde1 Ne5 36. Rg8 Nf3 37. Rf8+ Ke7 0-1

[Event "Madrid San Viator op-B 27th"]
[Site "Madrid"]
[Date "2016.10.09"]
[Round "3"]
[White "Mora Gonzalez Rojas, Francisco"]
[Black "Rufo Yebra, Benito"]
[Result "1-0"]
[WhiteElo "1283"]
[BlackElo "1393"]
[PlyCount "115"]
[EventDate "2016.09.25"]
[EventType "swiss"]
[EventRounds "9"]
[EventCountry "ESP"]
[SourceTitle "EXT 2017"]
[Source "ChessBase"]
[SourceDate "2016.10.25"]
[SourceVersion "1"]
[SourceVersionDate "2016.10.25"]
[SourceQuality "1"]

1. e4 e6 2. Nf3 Bc5 3. Bc4 d5 4. exd5 exd5 5. Bb3 Qe7+ 6. Qe2 Qxe2+ 7. Kxe2 Be6 8. d4 Bb6 9. Nc3 Nf6 10. Na4 Nbd7 11. Nxb6 Nxb6 12. Bf4 0-0-0 13. Be5 Nbd7 14. Bg3 Bg4 15. h3 Rhe8+ 16. Kd3 Bf5+ 17. Kc3 Ne4+ 18. Kb4 Nb6 19. Rhe1 f6 20. c4 dxc4 21. Bxc4 a5+ 22. Kb3 Nxc4 23. Kxc4 Be6+ 24. Kd3 Nc5+ 25. Kc3 Na4+ 26. Kc2 Nb6 27. b3 Nd5 28. a3 g5 29. Rad1 b5 30. Kb2 h5 31. Nd2 f5 32. Be5 g4 33. h4 b4 34. a4 Nc3 35. Rc1 c5 36. Bf6 Rd7 37. Nc4 Kc7 38. dxc5 Bf7 39. Rxe8 Bxe8 40. Bxc3 bxc3+ 41. Rxc3 Rd1 42. Nxa5 Rd2+ 43. Rc2 Rd5 44. Ka3 f4 45. b4 Bf7 46. c6 g3 47. f3 Bg6 48. Re2 Bd3 49. Rd2 Kb6 50. Kb3 Rxa5 51. Rxd3 Rc5 52. Kb2 Re5 53. Rc3 Kc7 54. b5 Re1 55. a5 Re5 56. b6+ Kd6 57. Rc4 Re2+ 58. Kb3 1-0

[Event "Collado Villalba op-B 32nd"]
[Site "Collado Villalba"]
[Date "2015.08.24"]
[Round "3"]
[White "Jimenez Jimenez, Darfo"]
[Black "Rufo Yebra, Benito"]
[Result "1-0"]
[WhiteElo "1686"]
[BlackElo "1486"]
[PlyCount "143"]
[EventDate "2015.08.22"]
[EventType "swiss"]
[EventRounds "9"]
[EventCountry "ESP"]
[SourceTitle "EXT 2016"]
[Source "ChessBase"]
[SourceDate "2015.10.08"]
[SourceVersion "1"]
[SourceVersionDate "2015.10.08"]
[SourceQuality "1"]

1. e4 d6 2. d4 Nc6 3. Nc3 e5 4. d5 Nce7 5. Bg5 h6 6. Bh4 g5 7. Bg3 Nf6 8. Be2 Ng6 9. Qd2 g4 10. 0-0-0 h5 11. Kb1 h4 12. Bxe5 Nxe5 13. f4 gxf3 14. gxf3 Bd7 15. Qd4 Nh5 16. Bb5 Bg7 17. Qf2 Ng6 18. Nge2 Nhf4 19. Nd4 a6 20. Bf1 Be5 21. Nce2 Qf6 22. c3 b5 23. Rg1 Bh3 24. Nc6 Bxf1 25. Nxf4 Bxf4 26. Rdxf1 a5 27. Qe2 Ne5 28. Qxb5 Nd7 29. Rg2 h3 30. Rg4 Bxh2 31. f4 a4 32. Qe2 Nc5 33. Qxh2 a3 34. Re1 Nd3 35. Re2 axb2 36. e5 dxe5 37. Nxe5 Qa6 38. Nxd3+ Kf8 39. Nb4 Qc4 40. Rxb2 Qe4+ 41. Rc2 Rb8 42. a3 Qxd5 43. Rg3 Qd1+ 44. Kb2 Qd7 45. Rd3 Qf5 46. Rcd2 Kg7 47. Rd7 Qf6 48. Qg3+ Kf8 49. f5 Rh5 50. Qxc7 Re8 51. Qc5+ Kg7 52. Qg1+ Rg5 53. Qh2 Qh6 54. R7d6 f6 55. Rd8 Rxd8 56. Qc7+ Kh8 57. Rxd8+ Rg8 58. Rxg8+ Kxg8 59. Qd8+ Kh7 60. Qe7+ Qg7 61. Qxg7+ Kxg7 62. Nd3 Kh6 63. Nf2 Kg5 64. Nxh3+ Kxf5 65. Kc2 Kg4 66. Nf2+ Kf3 67. Nd3 Ke4 68. a4 Kd5 69. Kb3 f5 70. a5 Ke4 71. Kc4 f4 72. Nxf4 1-0

[Event "Collado Villalba op-B 32nd"]
[Site "Collado Villalba"]
[Date "2015.08.23"]
[Round "2"]
[White "Rufo Yebra, Benito"]
[Black "Fernandez Martinez, Luis"]
[Result "0-1"]
[WhiteElo "1486"]
[BlackElo "1944"]
[PlyCount "98"]
[EventDate "2015.08.22"]
[EventType "swiss"]
[EventRounds "9"]
[EventCountry "ESP"]
[SourceTitle "EXT 2016"]
[Source "ChessBase"]
[SourceDate "2015.10.08"]
[SourceVersion "1"]
[SourceVersionDate "2015.10.08"]
[SourceQuality "1"]

1. d4 d5 2. Nf3 g6 3. Bf4 Bg7 4. h3 Nd7 5. Nc3 c6 6. e4 dxe4 7. Nxe4 Ngf6 8. Bd3 Nxe4 9. Bxe4 Nf6 10. Be5 0-0 11. Bd3 Qa5+ 12. Qd2 Qxd2+ 13. Nxd2 Nd5 14. Bxg7 Kxg7 15. 0-0-0 Nb4 16. Bc4 b5 17. Bb3 a5 18. a3 Nd5 19. Rhe1 e6 20. c3 Nf4 21. Nf3 b4 22. cxb4 axb4 23. a4 Ba6 24. Rd2 Nd3+ 25. Kb1 Nxe1 26. Nxe1 Rfd8 27. f4 c5 28. Nf3 c4 29. Bc2 Bb7 30. b3 c3 31. Rd3 Be4 32. Re3 Bxf3 33. Rxf3 Rxd4 34. g4 Rad8 35. Rf1 Rd2 36. f5 e5 37. fxg6 hxg6 38. h4 Rg2 39. g5 Rdd2 40. Rc1 e4 41. a5 e3 42. a6 Rd7 43. Be4 Rb2+ 44. Ka1 Rxb3 45. Bb7 Ra3+ 46. Kb1 Rd2 47. Rc2 Rd1+ 48. Rc1 Rxc1+ 49. Kxc1 e2 0-1

[Event "Madrid-ch"]
[Site "Madrid"]
[Date "2015.02.16"]
[Round "7"]
[White "Rufo Yebra, Benito"]
[Black "Benitez Cadenas, Luis Miguel"]
[Result "1-0"]
[WhiteElo "1484"]
[BlackElo "1703"]
[PlyCount "53"]
[EventDate "2015.02.02"]
[EventType "swiss"]
[EventRounds "9"]
[EventCountry "ESP"]
[SourceTitle "CBM 164 Extra"]
[Source "ChessBase"]
[SourceDate "2015.03.02"]
[SourceVersion "1"]
[SourceVersionDate "2015.03.02"]
[SourceQuality "1"]

1. Nf3 d5 2. d4 c6 3. Bf4 Qb6 4. b3 Nf6 5. Nc3 Bf5 6. Na4 Qd8 7. e3 Nh5 8. Bd3 Bxd3 9. Bxb8 Bxc2 10. Qxc2 Rxb8 11. 0-0 e6 12. Nc5 b6 13. Nd3 Rc8 14. Qe2 Nf6 15. Nfe5 c5 16. Rac1 cxd4 17. Rxc8 Qxc8 18. Rc1 Qb7 19. exd4 Bd6 20. Nb4 0-0 21. Qb5 Bxe5 22. dxe5 Nd7 23. Nc6 Nb8 24. Qa4 a6 25. Nd4 Rc8 26. Rc2 Rxc2 27. Qe8# 1-0

[Event "Madrid-ch"]
[Site "Madrid"]
[Date "2015.02.11"]
[Round "6"]
[White "Rufo Yebra, Benito"]
[Black "Ramos Antona, Enrique"]
[Result "1-0"]
[WhiteElo "1484"]
[BlackElo "1630"]
[PlyCount "91"]
[EventDate "2015.02.02"]
[EventType "swiss"]
[EventRounds "9"]
[EventCountry "ESP"]
[SourceTitle "CBM 164 Extra"]
[Source "ChessBase"]
[SourceDate "2015.03.02"]
[SourceVersion "1"]
[SourceVersionDate "2015.03.02"]
[SourceQuality "1"]

1. d4 d5 2. e3 c6 3. h3 Nf6 4. Nc3 Bf5 5. Bd3 Qd7 6. Nf3 g6 7. g4 Bxd3 8. Qxd3 Qd6 9. Bd2 Na6 10. a3 Bg7 11. 0-0-0 Nd7 12. e4 e6 13. e5 Qc7 14. Bg5 h6 15. Bd2 0-0-0 16. Na2 c5 17. g5 h5 18. h4 cxd4 19. Rh3 Nxe5 20. Qxd4 Qc5 21. Be3 Qxd4 22. Bxd4 Nxf3 23. Bxg7 Rhg8 24. Bf6 Ne5 25. Rc3+ Nc7 26. Bxe5 Rd7 27. Rdd3 b6 28. Bf4 Kb7 29. a4 f6 30. Be3 e5 31. Rb3 d4 32. Bd2 e4 33. Rg3 Nd5 34. Nb4 Ne7 35. a5 b5 36. Bf4 a6 37. c4 bxc4 38. Nxa6+ cxb3 39. Nc5+ Kc6 40. Nxd7 Kxd7 41. Rxb3 Kc6 42. Rb6+ Kc5 43. Rxf6 Rc8 44. a6 Rc6 45. a7 Rc8 46. Bb8 1-0